[Event "Havana Municipal-ch 12th"]
[Site "Havana"]
[Date "2009.09.25"]
[Round "8"]
[White "Jodar Arias, Marlon"]
[Black "Rabelo Prieto, Rances"]
[Result "1-0"]
[WhiteElo "2120"]
[BlackElo "2081"]
[PlyCount "57"]
[EventDate "2009.09.15"]
[EventType "swiss"]
[EventRounds "11"]
[EventCountry "CUB"]
[EventCategory "1"]
[SourceTitle "EXT 2012"]
[Source "ChessBase"]
[SourceDate "2011.11.24"]
[SourceVersion "1"]
[SourceVersionDate "2011.11.24"]
[SourceQuality "1"]

1. e4 c5 2. Nf3 d6 3. d4 cxd4 4. Nxd4 Nf6 5. Nc3 a6 6. f3 e5 7. Nb3 Be6 8. Be3 Nbd7 9. g4 h6 10. Qd2 b5 11. 0-0-0 Nb6 12. Qf2 Nfd7 13. Kb1 Qc7 14. h4 Be7 15. Rh2 b4 16. Nd5 Bxd5 17. exd5 a5 18. Bb5 Kf8 19. Bc6 Ra6 20. Qe2 Nb8 21. Qb5 a4 22. Nd2 g6 23. h5 g5 24. Ne4 Kg7 25. Ng3 Bd8 26. Nf5+ Kg8 27. Qxb4 Nxc6 28. dxc6 d5 29. Qb5 1-0

[Event "Havana Municipal-ch 12th"]
[Site "Havana"]
[Date "2009.09.17"]
[Round "2"]
[White "Moreno Herrera, Lazaro Pablo"]
[Black "Rabelo Prieto, Rances"]
[Result "1-0"]
[WhiteElo "2124"]
[BlackElo "2081"]
[PlyCount "103"]
[EventDate "2009.09.15"]
[EventType "swiss"]
[EventRounds "11"]
[EventCountry "CUB"]
[EventCategory "1"]
[SourceTitle "EXT 2012"]
[Source "ChessBase"]
[SourceDate "2011.11.24"]
[SourceVersion "1"]
[SourceVersionDate "2011.11.24"]
[SourceQuality "1"]

1. d4 Nf6 2. c4 e6 3. Nc3 Bb4 4. Qc2 d5 5. Bg5 c5 6. dxc5 Bxc3+ 7. bxc3 dxc4 8. e4 Nbd7 9. Bxc4 Qc7 10. Rd1 0-0 11. Nf3 Qxc5 12. Bxf6 Nxf6 13. Bb3 e5 14. h3 Be6 15. Bxe6 fxe6 16. 0-0 Rae8 17. Qd3 Re7 18. Rb1 a6 19. Rb4 b5 20. a4 Rd7 21. Qb1 bxa4 22. Rxa4 Nh5 23. Qb4 Qxb4 24. cxb4 Rd6 25. Rfa1 Rb8 26. Nxe5 h6 27. f3 Rb5 28. Ng4 Nf4 29. R1a2 h5 30. Nf2 h4 31. Kh2 Rd4 32. g3 hxg3+ 33. Kxg3 Nh5+ 34. Kh4 Nf4 35. Kg4 Ng6 36. Rxa6 Nf8 37. Rb2 Rdxb4 38. Rxb4 Rxb4 39. Nd3 Rb5 40. f4 Rb8 41. h4 Re8 42. Nc5 Kf7 43. h5 Re7 44. e5 Re8 45. Ne4 Rd8 46. Nd6+ Kg8 47. Ra7 Rd7 48. Ra8 Rc7 49. f5 exf5+ 50. Kxf5 Rc2 51. Ke4 Re2+ 52. Kd5 1-0